Contra la domesticación del turismo : los laberintos del turismo rural /
Se hace un balance de la política propiciada en Latinoamérica de proponer el turismo rural como alternativa para el desarrollo sustentable, cuestión que todavía no cumple con las expectativas proyectadas porque no ha beneficiado a los grupos sociales rurales.
Guardado en:
| Autor principal: | |
|---|---|
| Otros autores: | , |
| Formato: | Libro |
| Idioma: | Español |
| Publicado: |
Toluca, México : México :
Universidad Autónoma del Estado de México, Facultad de Ciencias Políticas y Sociales ; Miguel Angel Porrúa,
2010, c2010
|
| Colección: | (Las Ciencias Sociales Miguel Angel Porrúa. Tercera Década)
|
| Temas: | |
| Etiquetas: |
Sin etiquetas, Sé el primero en etiquetar este registro!
|
MARC
| LEADER | 00000nam^a2200000^a^4500 | ||
|---|---|---|---|
| 001 | 000314184 | ||
| 005 | 20250521000000.0 | ||
| 009 | 20260310113207.153 | ||
| 020 | |a 978-607-401-262-0 | ||
| 037 | |a Acervo ITESO - Biblioteca | ||
| 041 | |a ESP | ||
| 082 | |a 910. 1041 |b MON | ||
| 100 | |a Monterroso Salvatierra, Neptalí |e (coord.) | ||
| 245 | 1 | 0 | |a Contra la domesticación del turismo : |b los laberintos del turismo rural / |c Coord. de N. Monterroso Salvatierra, L. Zizumbo Villarreal ; pról. de J. Martínez Vilchis. |
| 264 | 4 | |a Toluca, México : |b Universidad Autónoma del Estado de México, Facultad de Ciencias Políticas y Sociales ; |a México : |b Miguel Angel Porrúa, |c 2010, c2010 | |
| 300 | |a 258 p. | ||
| 336 | |a texto |b txt |2 rdacontenido | ||
| 337 | |a sin mediación |b n |2 rdamedio | ||
| 338 | |a volumen |b nc |2 rdasoporte | ||
| 440 | 5 | |a (Las Ciencias Sociales Miguel Angel Porrúa. |p Tercera Década) | |
| 520 | |a Se hace un balance de la política propiciada en Latinoamérica de proponer el turismo rural como alternativa para el desarrollo sustentable, cuestión que todavía no cumple con las expectativas proyectadas porque no ha beneficiado a los grupos sociales rurales. | ||
| 649 | |a XX | ||
| 650 | |a Turismo Rural - |z Latinoamérica - |x Tema Principal | ||
| 650 | |a Turismo Rural - |x Tema Principal | ||
| 650 | |a Ecoturismo | ||
| 650 | |a Sector Servicios | ||
| 650 | |a Desarrollo Sustentable - |x Tema Principal | ||
| 650 | |a Desarrollo Regional - |z Latinoamérica | ||
| 650 | |a Economía | ||
| 650 | |a Ciencias Administrativas | ||
| 700 | |a Zizumbo Villarreal, Lilia |e (coordinación) | ||
| 700 | |a Martínez Vilchis, José |e (prólogo) | ||
| 910 | |a Fondo General | ||
| 920 | |a Impresos - Libros | ||
| 930 | |a Colección General | ||
| 905 | |a 101 | ||
| 901 | |a 0500200957 |b IT1 |c ACC |i C128515 |u 20250521 | ||
| 902 | |a https://opac.biblio.iteso.mx/vufind/Record/000314184 | ||